000 02373cam a22005054i 4500
003 PE-LiUPU
005 20250731173349.0
008 150706s r 000 0 d
020 _a978 90 04 16205 1
035 _a(Sirsi) i9789004162051
040 _aPE-LiUPU
_bspa
_cPE-LiUPU
_erda
049 _aPRUA
082 0 4 _a226.2
_bP42
_221
100 1 _aPennington Jonathan,
_eautor.
245 1 0 _aHeaven and earth in the gospel of Matthew /
_cJonathan T. Pennington.
264 1 _aLeiden ; Boston :
_bBrill,
_c2007.
300 _a399 páginas ;
_c25 cm.
336 _atext
_2rdacontent
337 _aunmediated
_2rdamedia
338 _avolume
_2rdacarrier
490 0 _aSuplements to novum testamentum ;
_v126
504 _aIncluye bibliografía.
505 0 _aClearing Ground and Building Anew -- Challenging the Circumlocution Assumption -- A Survey of Heaven in the Old Testament and Second Temple Literature -- A Survey of Heaven in Matthew -- Heaven and Earth in the Context of Matthean Studies and Theology -- Matthew's Idiolectic Use of Heaven Language and the Theme of Heaven and Earth -- In the Septuagint and Second Temple Literature -- In Matthew -- Heaven and Earth in the Old Testament and Second Temple Literature -- Heaven and Earth in Matthew -- God as Father in the Old Testament and Second Temple Literature -- The Father in Heaven in Matthew -- The Kingdom of God in the Old Testament and Second Temple Literature -- Matthew's "Kingdom of Heaven.
526 _aSEG42
526 _aSEG41
526 _aSEG40
526 _aSEG39
526 _aP94
526 _aP87
526 _aP86
526 _aP85
526 _aP77
526 _aP76
526 _aP35
541 _g25154;
630 _aBiblia.
_pN.T.
_pMateo
_xCrítica, interpretación, etc.
650 0 4 _aCielo
_xEnseñanza bíblica.
650 0 4 _aTierra
_xEnseñanza bíblica.
910 _bjv
_clch
_d20100209
942 _2ddc
_cBOOK
949 _a226.2 P42
_wDEWEY
_c1
_i60944
_lCCODEBUL1
_mBUL
_p40.00
_r0
_sY
_tBOOK
_u2015-7-6
_xTEOLOGIA
_zUNKNOWN
_o.STAFF. Colección General
994 _aC0
_bPEPRU
596 _a1
999 _a226.2 P42
_wDEWEY
_c50296
_i60944
_f2021-11-9
_g5
_lCCODEBUL1
_mBUL
_p40.00
_r0
_sY
_tBOOK
_u2015-7-6
_xTEOLOGIA
_zUNKNOWN
_0COMPRA
_o.STAFF. Colección General
_d50296
980 _81
_gALBERTO SANCHEZ Responsable de Automatización